LEADER 02024cam a22003977i 4500 001 991003075149707536 005 20250430130224.0 008 950112s1749 it aef b 000 0 lat d 035 $ab1427713x-39ule_inst 035 $aCICOGNARA-2718$9ExL 040 $aBibl. Interfacoltà T. Pellegrino$bita 041 0 $alatgrcita 100 1 $aMaffei, Scipione,$cmarchese$d<1675-1755>$0135203 245 10$aMuseum veronense hoc est Antiquarum inscriptionum atque anaglyphorum collectio cui taurinensis adiungitur et vindobonensis.$bAccedunt monumenta id genus plurima nondum vulgata, et ubicumque collecta. 260 $aVeronae :$bTypis Seminarii,$c1749. 300 $a[19], xii, dxix p., [2] c. di tav. (pt. ripieg.) :$bill., piante; $cfol. (38 cm). 500 $aFront. in rosso e nero, con incisione. 500 $aFrontoni, finali. 500 $aIncisioni calcografiche. 500 $aDedicato a: Benedictus XIV. 500 $aLa formulazione dell'A. si ricava dalla dedica, a c. [a4]. 500 $aRiproduzione in microfiche dell'originale conservato presso la Biblioteca Apostolica Vaticana 546 $aTesti in latino, greco e italiano. 610 20$aMuseo maffeiano 610 24$aRegio Museo di Antichità greco-romane ed egizie (Torino) 610 20$aÖsterreichische Nationalbibliothek 650 4$aIscrizioni latine 650 4$aIscrizioni greche 787 18$iLeopoldo Cicognara Program :$tBiblioteca Cicognara$h[microform] : literary sources in the history of art and kindred subjects 787 18$tCatalogo ragionato dei libri d'arte e d'antichità / Leopoldo Cicognara 907 $a.b1427713x$b01-04-22$c28-07-16 912 $a991003075149707536 945 $aLE002 SB Raccolta Cicognara, mcrf 3123$g0$lle002$pE0.00$rn$so $t11$u0$v0$w0$x0$y.i15748364$z28-07-16 996 $aMuseum veronense hoc est Antiquarum inscriptionum atque anaglyphorum collectio cui taurinensis adiungitur et vindobonensis$91389705 997 $aUNISALENTO 998 $ale002$b28-07-16$cm$dg $e-$flat$git $h0$i1 LEADER 02533nam 2200637 a 450 001 9911006567103321 005 20200520144314.0 010 $a9781621981398 010 $a1621981398 035 $a(CKB)2550000000078876 035 $a(EBL)1185421 035 $a(OCoLC)773586492 035 $a(SSID)ssj0000667215 035 $a(PQKBManifestationID)12238503 035 $a(PQKBTitleCode)TC0000667215 035 $a(PQKBWorkID)10674453 035 $a(PQKB)10293303 035 $a(MiAaPQ)EBC1185421 035 $a(PPN)198476183 035 $a(MiAaPQ)EBC7424624 035 $a(Au-PeEL)EBL7424624 035 $a(Perlego)787504 035 $a(EXLCZ)992550000000078876 100 $a20121211d2012 uy 0 101 0 $aeng 135 $aur|n|---||||| 181 $ctxt 182 $cc 183 $acr 200 00$aDrug design strategies $ecomputational techniques and applications /$fedited by Lee Banting, Timothy Clark 205 $a1st ed. 210 $aCambridge $cRSC Pub.$d2012 215 $a1 online resource (251 p.) 225 0$aRSC drug discovery series,$x2041-3203 ;$v20 300 $aDescription based upon print version of record. 311 08$a9781849733403 311 08$a1849733406 311 08$a9781849731676 311 08$a1849731675 320 $aIncludes bibliographical references and index. 327 $ai-iv; v-vi; vii-x; 1-26; 27-55; 56-86; 87-106; 107-119; 120-163; 164-183; 184-209; 210-231; 232-240 330 $aThis book documents the latest research into the theory and application of force-fields, semi-empirical molecular orbital, density functional and ab initio calculations, Quantum Mechanical (QM) based modelling, Atoms in Molecules (AIM) approach, and biomolecular dynamics. It also covers theory and application of 2D cheminformatics, QSAR/QSPR, ADME properties of drugs, drug docking/scoring protocols and approaches, topological methodology, and modelling accurate inhibition constants of enzymes. Finally, the book gives the theory and applications of multiscale modelling of proteins and biomolecu 410 0$aRSC Drug Discovery 606 $aDrugs$xDesign$xComputer simulation 615 0$aDrugs$xDesign$xComputer simulation. 676 $a615.19 676 $a615.1900113 701 $aBanting$b Lee$01825420 701 $aClark$b Timothy$0210062 801 0$bMiAaPQ 801 1$bMiAaPQ 801 2$bMiAaPQ 906 $aBOOK 912 $a9911006567103321 996 $aDrug design strategies$94393060 997 $aUNINA